000 00794nam a2200253 a 4500
008
020 _a9781138195301 (hardback)
040 _aNUST
_cNUST
049 _aMAIN
090 _aBF637.48
_bWEI
100 1 _aWeixel-Dixon, Karen
245 1 0 _aInterpersonal conflict:
_ban extential psychotherapeutic and practical model /
_cWeixel-Dixon, Karen
260 _aNew York :
_bRoutledge,
_c2017
300 _avii, 136 pages :
_billustrations ;
_c24 cm
336 _atext
_btxt
_2rdacontent
337 _aunmediated
_bn
_2rdamedia
338 _avolume
_bnc
_2rdacarrier
500 _aIncludes index.
650 1 _aConflict
907 _a.b10405823
_b03-11-21
_c21-06-21
003
005 20230123141207.0
942 _cBOOKS
_kBF637.48
_mWEI
999 _c169285
_d169285